Представление документа в формате RUSMARC

ПолеНазваниеЗначение
  Тип записи a
  Библиографический уровень c
001 Контрольный номер SKBR/5cfd9a4d-5a17-4469-a653-d0eb7c15b538
005 Дата корректировки 20251003164054.2
010 Индекс ISBN __
a ISBN 978-5-00127-307-3
b Уточнения в пер.
9 Тираж 5000 экз.
d Цена 802-32
035 Другие системные номера __
a Идентификатор записи RU/Тюменская ОНБ/EKC/84/К 59-858589324
100 Данные общей обработки __
a Данные общей обработки 20220505d2022 m y0rusy028902 ca
101 Язык документа 0_
a Язык текста rus
102 Страна публикации __
a Страна публикации RU
105 Кодированные данные (монография) __
a Кодированные данные (монография) c z 000ay
181 Поле кодированных данных: вид содержания _0
a Код вида содержания (ISBD) i
182 Поле кодированных данных: тип средства _0
a Код типа средства (ISBD) n
200 Заглавие и сведения об ответственности 1_
a Заглавие Четыре
e Сведения, относящиеся к заглавию повести
f Первые сведения об ответственности Сергей Козлов
203 Вид содержания и тип средства __
a Вид содержания Текст
c Тип средства непосредственный
210 Выходные данные 1_
a Место издания Москва
c Издательство Сибирская Благозвонница
d Дата издания 2022
215 Физическое описание __
a Объем 537, [2] с.
d Формат 21 см
c Иллюстрации/тип воспроизводства портр.
330 Аннотация __
a Аннотация В сборник писателя Сергея Сергеевича Козлова входят четыре повести. Однажды автор сказал в интервью: "Если произведение искусства не царапает душу, не заставляет смеяться и плакать, то в какую бы интеллектуально-метафоричную обертку его не заворачивали, оно не несет высокой нагрузки перед Небом". В этих замечательных произведениях как раз есть всё, что необходимо душе взыскательного и думающего читателя.
333 Примечание о целевом назначении __
a Примечание о целевом назначении 12+. Для детей старше 12 лет
464 Аналитический уровень _0
1 2001
a Плацебо
464 Аналитический уровень _0
1 2001
a Соображения на троих
464 Аналитический уровень _0
1 2001
a Двиджа
464 Аналитический уровень _0
1 2001
a Зона Брока
606 Тематические рубрики __
2 Код системы nlr_sh
a Основная рубрика Художественная литература
606 Тематические рубрики __
2 Код системы nlr_sh
a Основная рубрика Современная русская литература (произведения)
y Географическая подрубрика Россия
y Географическая подрубрика Тюменская область
y Географическая подрубрика Тюмень
y Географическая подрубрика ХМАО-Югра
y Географическая подрубрика Ханты-Мансийский автономный округ - Югра
610 Ключевые слова 0_
a Ключевые слова повести
610 Ключевые слова 0_
a Ключевые слова русская литература
610 Ключевые слова 0_
a Ключевые слова проза
610 Ключевые слова 0_
a Ключевые слова современная проза
610 Ключевые слова 0_
a Ключевые слова краеведение
610 Ключевые слова 0_
a Ключевые слова краеведческая литература
610 Ключевые слова 0_
a Ключевые слова тема жизни
610 Ключевые слова 0_
a Ключевые слова литературное краеведение
610 Ключевые слова 0_
a Ключевые слова тема судеб
610 Ключевые слова 0_
a Ключевые слова тема людей
686 Индексы других классификаций __
2 Код системы rubbks
a Классификационный индекс К84(2=411.2)6-4; стК84(2=411.2)6-4
700 Автор _1
a Фамилия Козлов
b Имя С. С.
g Полное личное имя Сергей Сергеевич
f Даты 1966-
4 Код отношения 070
801 Источник записи _2
b Организация Тюменская ОНБ
a Страна RU
c Дата составления 20220505
g Правила каталогизации PSBO
801 Источник записи _1
b Организация Тюменская ОНБ
a Страна RU
c Дата составления 20220513
g Правила каталогизации PSBO
852 Данные о местонахождении __
i Авторский знак К 59
j Шифр хранения К84(2=411.2)6-4
900 Макрообъекты __
a Макрообъекты Четыре. Козлов, С., 2022
901 Тип документа __
a Ответственный ООФиК/Волкова
t Тип документа x
903 Характеристики (МАРС) __
a Дата передачи 20230331
c Наименование библиотеки (МАРС) Муниципальное бюджетное учреждение культуры "Централизованная библиотечная система" г. Сургут (Центральная городская библиотека им. А. С. Пушкина)
990 Данные о заказе (DOS) __
j Количество экземпляров (DOS) 9
t N записи в КСУ для И/У (DOS) 202306